[Event "59581 I. Budapest Open"]
[Site "Budapest, Hungary"]
[Date "2011.08.22"]
[Round "3.8"]
[White "Mester, Attila"]
[Black "Schatzer, Andras"]
[Result "1/2-1/2"]
[WhiteElo "2119"]
[BlackElo "1798"]
[PlyCount "102"]
[EventDate "2011.??.??"]
 
1. e4 e5 2. Nf3 Nc6 3. Bc4 Bc5 4. b4 Bxb4 5. c3 Ba5 6. d4 exd4 7. O-O dxc3 8.
Qb3 Qf6 9. e5 Qe7 10. Bg5 Qb4 11. Bxf7+ Kf8 12. Bxg8 Rxg8 13. Qd5 h6 14. Nxc3
Qg4 15. Qc5+ Kf7 16. h3 Qf5 17. Qc4+ Kf8 18. Be3 b6 19. Nd5 Qf7 20. Qe4 Bb7 21.
Nxc7 Rc8 22. e6 Qe7 23. Qf4+ Qf6 24. exd7 Rb8 25. Qxf6+ gxf6 26. Bxh6+ Ke7 27.
Nd5+ Ke6 28. Rad1 Ne5 29. Nc7+ Ke7 30. Nxe5 Rxg2+ 31. Kh1 Rxf2+ 32. Kg1 Rg2+
33. Kh1 Re2+ 34. Nf3 Rh8 35. Rd4 b5 36. Nxb5 Rxh6 37. d8=Q+ Bxd8 38. h4 Bb6 39.
Rf4 Be3 40. Rg4 Rh7 41. Nbd4 Bxd4 42. Rxd4 Rg7 43. Rb4 Be4 44. Ra4 Ke8 45. Rc4
Rg4 46. Rc3 Rxh4+ 47. Kg1 Rg4+ 48. Kh1 Rgg2 49. Rd1 Rg3 50. Rf1 Rgg2 51. Re1
Rh2+ 1/2-1/2

[Event "59581 I. Budapest Open"]
[Site "Budapest, Hungary"]
[Date "2011.08.22"]
[Round "3.9"]
[White "Szecsi, Peter"]
[Black "Schubert, Gyula"]
[Result "0-1"]
[WhiteElo "1842"]
[BlackElo "2105"]
[PlyCount "64"]
[EventDate "2011.??.??"]
 
1. e4 d6 2. d4 g6 3. Nc3 Nf6 4. Nf3 Bg7 5. Be2 O-O 6. O-O c6 7. h3 Nbd7 8. Be3
e5 9. dxe5 dxe5 10. Qd2 Nh5 11. Rfd1 Qc7 12. a4 Nf4 13. a5 Nxe2+ 14. Qxe2 h6
15. Qc4 Qb8 16. Na4 Re8 17. Ra3 Bf8 18. Rad3 Qc7 19. Nc3 Nf6 20. Qa4 Be6 21.
R3d2 b5 22. Qa1 b4 23. Ne2 Nxe4 24. Rd3 Nc5 25. Bxc5 Bxc5 26. R3d2 Bd5 27. Ne1
e4 28. Nd4 Qf4 29. g3 Qg5 30. Ng2 e3 31. Nxe3 Rxe3 32. fxe3 Qxe3+ 0-1

[Event "59581 I. Budapest Open"]
[Site "Budapest, Hungary"]
[Date "2011.08.22"]
[Round "3.10"]
[White "Kellerwessel, Ralf"]
[Black "Lajtos, Levente"]
[Result "1/2-1/2"]
[WhiteElo "1863"]
[BlackElo "1704"]
[PlyCount "73"]
[EventDate "2011.??.??"]
 
1. e4 c5 2. Nf3 d6 3. d4 cxd4 4. Bc4 Nf6 5. Qxd4 a6 6. Bg5 Nc6 7. Qe3 Bg4 8.
Nc3 e6 9. Nd2 Be7 10. f4 d5 11. Bxf6 d4 12. Bxd4 Nxd4 13. Qd3 b5 14. Bb3 b4 15.
Na4 Rc8 16. Rc1 Be2 17. Qe3 Bb5 18. Nf3 Nxb3 19. cxb3 Rxc1+ 20. Qxc1 O-O 21.
Kf2 Qa5 22. Qc2 Bd7 23. Rd1 Rc8 24. Qd2 Bxa4 25. bxa4 Qxa4 26. b3 Qa5 27. Ne5
Rd8 28. Qc2 Rxd1 29. Qxd1 Qxa2+ 30. Kg3 Qa5 31. Qd3 Qb6 32. Nc4 Qc7 33. Kf3 Qc5
34. Qd7 Qh5+ 35. Kf2 Bc5+ 36. Kg3 Qg6+ 37. Kf3 1/2-1/2

[Event "59581 I. Budapest Open"]
[Site "Budapest, Hungary"]
[Date "2011.08.22"]
[Round "3.11"]
[White "Medve, Mark"]
[Black "Zsembery, Aron"]
[Result "0-1"]
[WhiteElo "1635"]
[BlackElo "1856"]
[PlyCount "160"]
[EventDate "2011.??.??"]
 
1. d4 Nf6 2. c4 e6 3. Nf3 d5 4. g3 Be7 5. Bg2 O-O 6. O-O dxc4 7. Qc2 c5 8. Qxc4
Nc6 9. dxc5 Bd7 10. Rd1 Rc8 11. Nc3 Nb8 12. Qb3 Na6 13. Qxb7 Nxc5 14. Qb4 Nce4
15. Qb3 Nxc3 16. bxc3 Qa5 17. a4 Rxc3 18. Qb7 Rc7 19. Qb3 Rfc8 20. Bf4 Rc4 21.
Qb7 Rb4 22. Bd2 Rxb7 23. Bxa5 Rb2 24. Rd2 Rcc2 25. Bc3 Rxd2 26. Bxd2 Bc5 27.
Bc3 Rxe2 28. Bd4 Bxd4 29. Nxd4 Rb2 30. h3 h6 31. Nc6 Rb6 32. Ne5 a5 33. Nxd7
Nxd7 34. Rc1 Rb4 35. Bc6 Nb6 36. Rc5 Nxa4 37. Rxa5 Nc3 38. Ra3 Nd5 39. Rd3 Nf6
40. h4 Rc4 41. Bf3 Kf8 42. Kg2 Ke7 43. Rd2 Rc7 44. Ba8 Ra7 45. Bc6 Ra6 46. Bb7
Rd6 47. Re2 Nd5 48. Bxd5 Rxd5 49. Ra2 g5 50. hxg5 hxg5 51. Ra7+ Kf6 52. Rb7 Kg6
53. Rb6 g4 54. Rb2 Rd1 55. Ra2 f5 56. Ra6 Kf6 57. Ra2 Ke5 58. Re2+ Kf6 59. Ra2
e5 60. Ra6+ Kg5 61. Ra5 Kf6 62. Ra6+ Ke7 63. Ra7+ Ke6 64. Ra6+ Kd5 65. Ra8 Ke4
66. Ra4+ Rd4 67. Ra2 f4 68. gxf4 exf4 69. Re2+ Kf5 70. Ra2 Rd5 71. Rb2 Kg5 72.
Rb1 Rd2 73. Kg1 Kh4 74. Kg2 g3 75. Rf1 Kg4 76. Kg1 f3 77. fxg3 Kxg3 78. Ra1
Rg2+ 79. Kh1 Rh2+ 80. Kg1 f2+ 0-1

[Event "59581 I. Budapest Open"]
[Site "Budapest, Hungary"]
[Date "2011.08.22"]
[Round "3.12"]
[White "Lakat, Gyula"]
[Black "Matos, Balint"]
[Result "1-0"]
[WhiteElo "1859"]
[BlackElo "1628"]
[PlyCount "67"]
[EventDate "2011.??.??"]
 
1. d4 Nf6 2. c4 g6 3. Nc3 Bg7 4. e4 d6 5. h3 O-O 6. Be2 Nc6 7. d5 Ne5 8. f4
Ned7 9. g4 Nc5 10. Bf3 Ne8 11. Be3 Nd7 12. Qd2 Nb6 13. b3 Bd7 14. Rc1 c6 15.
Nge2 c5 16. Ng3 a5 17. a4 Nc7 18. h4 Qc8 19. f5 Re8 20. h5 Na6 21. hxg6 hxg6
22. Nce2 Nb4 23. Nf4 Be5 24. Kf2 g5 25. Nd3 Nxd3+ 26. Qxd3 Bg7 27. Bxg5 f6 28.
Bh6 Bh8 29. Nh5 Kf7 30. Nf4 Rg8 31. Ne6 Bxe6 32. fxe6+ Ke8 33. e5 Qc7 34. Qh7
1-0

[Event "59581 I. Budapest Open"]
[Site "Budapest, Hungary"]
[Date "2011.08.22"]
[Round "3.13"]
[White "Pollak, Andras"]
[Black "Szentgyorgyi, Sandor"]
[Result "0-1"]
[WhiteElo "1700"]
[BlackElo "1862"]
[PlyCount "58"]
[EventDate "2011.??.??"]
 
1. d4 Nf6 2. Nf3 c5 3. d5 e6 4. dxe6 fxe6 5. c4 Nc6 6. Nc3 a6 7. e4 Be7 8. Bd3
O-O 9. h3 Qc7 10. a3 b6 11. O-O Bb7 12. Qe2 Nh5 13. Ng5 Nf4 14. Bxf4 Qxf4 15.
Nf3 Bd6 16. e5 Nxe5 17. Nxe5 Bxe5 18. g3 Qg5 19. Ne4 Bxe4 20. Bxe4 Rad8 21. h4
Qf6 22. Rac1 d5 23. Bd3 a5 24. b3 Bd4 25. Rce1 Rde8 26. Qc2 h6 27. Bg6 Qf3 28.
Bxe8 Qxg3+ 29. Kh1 Qf3+ 0-1

[Event "59581 I. Budapest Open"]
[Site "Budapest, Hungary"]
[Date "2011.08.22"]
[Round "3.14"]
[White "Czimer, Jozsef"]
[Black "Farkas, Laszlo"]
[Result "0-1"]
[WhiteElo "1750"]
[BlackElo "1911"]
[PlyCount "144"]
[EventDate "2011.??.??"]
 
1. e4 c5 2. Nf3 e6 3. c4 Qc7 4. Nc3 Nc6 5. g3 a6 6. a3 Nf6 7. Bg2 Nd4 8. O-O h5
9. d3 Bd6 10. Nxd4 cxd4 11. Ne2 e5 12. h3 Be7 13. f4 d6 14. Kf2 Bd7 15. Ng1 Qc8
16. Ke1 b5 17. b3 Be6 18. f5 Bd7 19. Bd2 a5 20. Rc1 bxc4 21. bxc4 Ra6 22. Rb1
Bc6 23. Qb3 Bd8 24. Ke2 Nd7 25. Nf3 Nc5 26. Qb8 Qxb8 27. Rxb8 Nd7 28. Rb2 Bc7
29. Rfb1 O-O 30. Ne1 Nc5 31. Bf3 g6 32. g4 hxg4 33. Bxg4 Kg7 34. fxg6 fxg6 35.
Nf3 Raa8 36. Ng5 Rf6 37. Rg1 Raf8 38. Nf3 Rb8 39. Rxb8 Bxb8 40. Bxa5 Nb3 41.
Bb4 Ba7 42. Nd2 Nc5 43. Rf1 Rxf1 44. Nxf1 Kf6 45. h4 Ba4 46. Bd2 Bc2 47. Bg5+
Kf7 48. Nd2 Bxd3+ 49. Kf3 Ne6 50. Bxe6+ Kxe6 51. Bd8 Bc5 52. a4 Bb4 53. Bg5
Bxd2 54. Bxd2 Bxc4 55. a5 d5 56. h5 dxe4+ 57. Kxe4 Bd5+ 58. Kd3 gxh5 59. a6 h4
60. Be1 h3 61. Bg3 Bc6 62. a7 Kd5 63. Bh2 e4+ 64. Ke2 Ke6 65. Kf2 Kf5 66. Bc7
Kg4 67. Bh2 d3 68. Ke3 d2 69. Kxd2 Kf3 70. Bc7 Kg2 71. Ke2 h2 72. Bxh2 Kxh2 0-1

[Event "59581 I. Budapest Open"]
[Site "Budapest, Hungary"]
[Date "2011.08.22"]
[Round "3.15"]
[White "Balla, Attila"]
[Black "Bartuszek, Andras"]
[Result "1-0"]
[WhiteElo "1722"]
[BlackElo "1883"]
[PlyCount "65"]
[EventDate "2011.??.??"]
 
1. d4 Nf6 2. c4 g6 3. Nc3 d5 4. cxd5 Nxd5 5. e4 Nxc3 6. bxc3 Bg7 7. Bc4 O-O 8.
Ne2 c5 9. O-O Nc6 10. Be3 cxd4 11. cxd4 Bg4 12. f3 Na5 13. Bxf7+ Rxf7 14. fxg4
Rxf1+ 15. Kxf1 Qd6 16. e5 Rf8+ 17. Kg1 Qd5 18. Qe1 Nc4 19. Bf2 Bh6 20. Nc3 Qe6
21. Qe4 Qf7 22. Qd5 e6 23. Qxc4 Qxf2+ 24. Kh1 Qc2 25. Qxe6+ Kh8 26. Nd5 Qxa2
27. Rd1 Qe2 28. Rg1 Qc4 29. h3 Qxd4 30. Nf6 Qf4 31. Qe7 Bg7 32. Rd1 Bxf6 33.
Qxf8# 1-0

[Event "59581 I. Budapest Open"]
[Site "Budapest, Hungary"]
[Date "2011.08.22"]
[Round "3.16"]
[White "Barabas, Attila"]
[Black "Mihaly, Zoltan"]
[Result "1-0"]
[WhiteElo "2001"]
[BlackElo "1745"]
[PlyCount "177"]
[EventDate "2011.??.??"]
 
1. d4 d5 2. Nc3 g6 3. e4 dxe4 4. Nxe4 Bg7 5. Nf3 Nf6 6. Bd3 Bg4 7. c3 O-O 8.
Bg5 Nbd7 9. h3 Be6 10. Qd2 Bd5 11. Qe2 c5 12. dxc5 Nxe4 13. Bxe4 Bxe4 14. Qxe4
Nxc5 15. Qe2 Nd3+ 16. Kf1 f6 17. Rd1 fxg5 18. Qxd3 Qb6 19. Qc4+ Kh8 20. Qb3 Qf6
21. Kg1 e5 22. Qb4 Rfd8 23. Kh2 Qf4+ 24. Qxf4 gxf4 25. Rde1 Re8 26. Re4 Re7 27.
Rhe1 Rae8 28. g3 fxg3+ 29. Kxg3 Kg8 30. Ng5 h6 31. Nf3 Kf7 32. Nd2 h5 33. Nc4
Re6 34. Rd1 Bf8 35. a4 Kf6 36. b4 Kf5 37. f3 b6 38. h4 g5 39. Ne3+ Kg6 40. Rd7
gxh4+ 41. Kxh4 R8e7 42. Rd5 Bg7 43. Nc4 Bf6+ 44. Kh3 Kf5 45. Nd6+ Kg6 46. c4
Rd7 47. Nb5 Rxd5 48. cxd5 Re7 49. d6 Rd7 50. Rc4 Kf7 51. Rc7 Ke6 52. Nxa7 Kxd6
53. Nb5+ Ke7 54. Rc6 Rb7 55. Nc3 Bg5 56. Nd5+ Kd7 57. Rg6 Bd8 58. b5 Kc8 59.
Re6 Ra7 60. Rxe5 Rxa4 61. Rxh5 Rd4 62. f4 Kd7 63. Kg4 Kd6 64. Ne3 Rb4 65. Rd5+
Ke7 66. Nc2 Rc4 67. Nd4 Bc7 68. f5 Kf6 69. Kf3 Rc5 70. Ke4 Rxd5 71. Kxd5 Bh2
72. Ke4 Bg1 73. Nf3 Bc5 74. Ne5 Bg1 75. Nd7+ Ke7 76. Nb8 Kf6 77. Na6 Bf2 78.
Nb4 Bg1 79. Nd5+ Kf7 80. Kf4 Bh2+ 81. Kg5 Bg1 82. f6 Bf2 83. Kf5 Bd4 84. Kg5
Bc5 85. Nc3 Bd4 86. Ne4 Be5 87. Kf5 Bh2 88. Ng5+ Kf8 89. Ke6 1-0

[Event "59581 I. Budapest Open"]
[Site "Budapest, Hungary"]
[Date "2011.08.22"]
[Round "3.17"]
[White "Pammer-Zagroczky, Gabor"]
[Black "Vinnay, Istvan"]
[Result "1-0"]
[WhiteElo "1937"]
[BlackElo "1720"]
[PlyCount "43"]
[EventDate "2011.??.??"]
 
1. e4 c5 2. Nf3 e6 3. d4 cxd4 4. c3 dxc3 5. Nxc3 Nc6 6. Bc4 d6 7. O-O Be7 8.
Qe2 a6 9. a4 Qc7 10. Rd1 Nf6 11. Bf4 O-O 12. Rac1 Qb8 13. h3 Ne5 14. Nxe5 dxe5
15. Be3 Bd7 16. b4 Bxb4 17. Bg5 Bxc3 18. Rxc3 Bxa4 19. Bxf6 gxf6 20. Qh5 Rd8
21. Rxd8+ Qxd8 22. Qh6 1-0

[Event "59581 I. Budapest Open"]
[Site "Budapest, Hungary"]
[Date "2011.08.22"]
[Round "3.18"]
[White "Palla, Akos Botond"]
[Black "Sarkozi, Ferenc"]
[Result "1-0"]
[WhiteElo "1824"]
[BlackElo "1939"]
[PlyCount "115"]
[EventDate "2011.??.??"]
 
1. e4 c6 2. d4 d5 3. e5 Bf5 4. Nf3 e6 5. Be2 Nd7 6. O-O Bg6 7. Be3 Ne7 8. c3
Bxb1 9. Rxb1 Nf5 10. Bd3 g6 11. Bxf5 gxf5 12. Ng5 h5 13. h4 Be7 14. Re1 Nf8 15.
g3 Ng6 16. Kh1 Qd7 17. Nh3 O-O-O 18. b4 Qc7 19. Qa4 Qb6 20. c4 Qa6 21. Qxa6
bxa6 22. c5 Rd7 23. Rb3 Bd8 24. Ra3 a5 25. bxa5 Rb7 26. a6 Rb5 27. Bg5 Kd7 28.
Rb3 Rxb3 29. axb3 Ba5 30. Rb1 Bc3 31. Be3 Rb8 32. Ng1 f4 33. gxf4 Nxh4 34. Ne2
Ba5 35. Nc1 Nf5 36. Kg2 Nxe3+ 37. fxe3 Bd2 38. Kf3 Bxc1 39. Rxc1 Rxb3 40. Rh1
Ra3 41. Rxh5 Rxa6 42. f5 exf5 43. Rxf5 Ke7 44. Rf6 Ke8 45. Kf4 Ke7 46. Kg5 Ra3
47. Rxc6 Rxe3 48. Rd6 a5 49. c6 Rc3 50. Rxd5 Rxc6 51. Rxa5 Rc1 52. Kf5 Rf1+ 53.
Ke4 f6 54. Ra7+ Kd8 55. e6 Rb1 56. Kd5 f5 57. Ke5 f4 58. Kxf4 1-0

[Event "59581 I. Budapest Open"]
[Site "Budapest, Hungary"]
[Date "2011.08.22"]
[Round "3.19"]
[White "Teglas, Balazs"]
[Black "Szoukup, Istvan"]
[Result "1-0"]
[WhiteElo "2207"]
[BlackElo "1825"]
[PlyCount "33"]
[EventDate "2011.??.??"]
 
1. d4 Nf6 2. Bf4 d6 3. e3 g6 4. Nf3 Bg7 5. h3 O-O 6. c3 Nfd7 7. Bc4 e5 8. Bg3
Nb6 9. Bb3 Nc6 10. O-O Bf5 11. a4 Na5 12. Ba2 Qe7 13. Na3 a6 14. d5 c5 15. b4
cxb4 16. cxb4 e4 17. Nd4 1-0

[Event "59581 I. Budapest Open"]
[Site "Budapest, Hungary"]
[Date "2011.08.22"]
[Round "3.20"]
[White "Kalmar, Karoly"]
[Black "Nebenfuhrer, Gyorgy"]
[Result "1-0"]
[WhiteElo "2023"]
[BlackElo "1605"]
[PlyCount "53"]
[EventDate "2011.??.??"]
 
1. e4 e5 2. Nf3 Nc6 3. Be2 Nf6 4. d3 Be7 5. O-O d5 6. Nbd2 d4 7. Nc4 Nd7 8. a4
O-O 9. c3 f5 10. exf5 Rxf5 11. Qb3 Nc5 12. Qc2 dxc3 13. bxc3 Qd5 14. Ne3 Qf7
15. Nxf5 Bxf5 16. Nd2 Bf6 17. Ne4 Be7 18. Be3 Nb3 19. Rab1 Nca5 20. Bf3 c5 21.
c4 Nd4 22. Bxd4 cxd4 23. Rb5 Nc6 24. Rfb1 Bc8 25. Nc5 Qg6 26. Nxb7 Rb8 27. Bxc6
1-0

[Event "59581 I. Budapest Open"]
[Site "Budapest, Hungary"]
[Date "2011.08.22"]
[Round "3.21"]
[White "Nemeth, Jozsef"]
[Black "Horvath, Zoltan"]
[Result "1/2-1/2"]
[WhiteElo "1671"]
[BlackElo "1513"]
[PlyCount "185"]
[EventDate "2011.??.??"]
 
1. e4 e5 2. d4 exd4 3. Qxd4 Nc6 4. Qe3 Nb4 5. Qc3 d5 6. exd5 Qxd5 7. Qe3+ Be6
8. Na3 Bc5 9. Qe2 Nf6 10. c4 Qf5 11. Be3 O-O 12. Bxc5 Qxc5 13. Qe3 Qa5 14.
O-O-O Nxa2+ 15. Kb1 Nb4 16. Bd3 Rad8 17. Nf3 Bf5 18. Bxf5 Rxd1+ 19. Rxd1 Qxf5+
20. Ka1 Nc2+ 21. Nxc2 Qxc2 22. Rc1 Qa4+ 23. Kb1 Re8 24. Qd4 h6 25. h3 a5 26. g4
b6 27. g5 hxg5 28. Nxg5 Nh7 29. h4 Qb4 30. Qd3 Nxg5 31. hxg5 Qc5 32. Rh1 g6 33.
Qh3 Qf5+ 34. Qxf5 gxf5 35. Rd1 Re7 36. Rd5 f4 37. Rf5 Re4 38. c5 Kg7 39. cxb6
cxb6 40. Rb5 Rb4 41. Rd5 Kg6 42. Kc2 a4 43. Kc3 Rb3+ 44. Kc2 f3 45. Re5 f6 46.
gxf6 Kxf6 47. Rd5 b5 48. Rc5 Ke6 49. Kc1 Rb4 50. Rc3 Rb3 51. Rc5 Kd6 52. Rf5
Kc6 53. Kc2 Kb6 54. Re5 Rb4 55. Rf5 Rb3 56. Rf4 Ka5 57. Rf6 Kb4 58. Rf4+ Kc5
59. Rf5+ Kd4 60. Rf8 Ke4 61. Rf7 Rb4 62. Re7+ Kf4 63. Rf7+ Kg4 64. Rg7+ Kh3 65.
Rg3+ Kh4 66. Rxf3 Rc4+ 67. Kd3 Kg4 68. Rf8 Rb4 69. Kc3 Rb3+ 70. Kc2 Rb4 71. f3+
Kg3 72. Kc3 Rb3+ 73. Kc2 b4 74. f4 Rf3 75. f5 b3+ 76. Kd2 Rf2+ 77. Kc1 Rc2+ 78.
Kb1 Rf2 79. Kc1 Rc2+ 80. Kb1 Kg4 81. f6 Kg5 82. f7 Kg6 83. Ra8 Kxf7 84. Rxa4
Rf2 85. Kc1 Rc2+ 86. Kb1 Rf2 87. Rc4 Ke6 88. Rc3 Rf1+ 89. Rc1 Rxc1+ 90. Kxc1
Kd5 91. Kd2 Kd4 92. Ke2 Ke4 93. Kd2 1/2-1/2

[Event "59581 I. Budapest Open"]
[Site "Budapest, Hungary"]
[Date "2011.08.22"]
[Round "3.22"]
[White "Mihajlova, Diana"]
[Black "Farkas, Akos"]
[Result "0-1"]
[WhiteElo "1443"]
[BlackElo "1683"]
[PlyCount "78"]
[EventDate "2011.??.??"]
 
1. e4 c5 2. c3 d5 3. e5 Bf5 4. d4 e6 5. Qb3 Qc7 6. Bb5+ Nc6 7. Ne2 Nge7 8. Ng3
a6 9. Nxf5 Nxf5 10. Qa4 cxd4 11. Bd3 Qxe5+ 12. Kd1 dxc3 13. Nxc3 Qd4 14. Ke2
Qxa4 15. Nxa4 Nfd4+ 16. Kd1 b5 17. Nc3 Ne5 18. Bb1 Bb4 19. Bd2 Nc4 20. Bc1 Rc8
21. Ne2 Nxe2 22. Kxe2 O-O 23. a3 Bd6 24. b3 Ne5 25. Bb2 Nd7 26. Ra2 Be5 27. Bc1
Rc3 28. f4 Bf6 29. h4 Rfc8 30. Bb2 Rxb3 31. Bxf6 Nxf6 32. Bc2 Rbc3 33. Rc1 d4
34. Raa1 Rxc2+ 35. Kd1 Rxc1+ 36. Rxc1 Rxc1+ 37. Kxc1 Nd7 38. Kd2 e5 39. g3 e4
0-1

[Event "59581 I. Budapest Open"]
[Site "Budapest, Hungary"]
[Date "2011.08.22"]
[Round "3.23"]
[White "Karacsonyi, Gellert"]
[Black "Toth, Antal"]
[Result "0-1"]
[WhiteElo "1269"]
[BlackElo "1668"]
[PlyCount "68"]
[EventDate "2011.??.??"]
 
1. e4 c5 2. Nf3 e6 3. d4 cxd4 4. Nxd4 a6 5. Nc3 Qc7 6. Be3 Nf6 7. Bd3 Bb4 8.
Qd2 d5 9. f3 e5 10. Nb3 d4 11. Nxd4 exd4 12. Bxd4 Nbd7 13. O-O-O O-O 14. g4 Ne5
15. Bxe5 Qxe5 16. f4 Qc7 17. g5 Ne8 18. h4 Bg4 19. Rdg1 Bh5 20. Be2 Bxc3 21.
bxc3 Bxe2 22. Qxe2 Qxf4+ 23. Kb1 Qe5 24. Qf3 Nd6 25. Rg4 Rac8 26. Rh3 Nc4 27.
Qf5 Rc5 28. Qxe5 Rxe5 29. h5 Rxe4 30. Rg1 Rfe8 31. Rhh1 b5 32. Rd1 Re2 33. Kc1
Kf8 34. Rhf1 Ne3 0-1

[Event "59581 I. Budapest Open"]
[Site "Budapest, Hungary"]
[Date "2011.08.22"]
[Round "3.24"]
[White "Krstulovic, Alex"]
[Black "Indig, Akos"]
[Result "1-0"]
[WhiteElo "1597"]
[BlackElo "1373"]
[PlyCount "83"]
[EventDate "2011.??.??"]
 
1. d4 d5 2. c4 e6 3. Nc3 Bb4 4. Nf3 Bxc3+ 5. bxc3 Nc6 6. Qc2 Bd7 7. Rb1 Rb8 8.
Bf4 Nge7 9. e3 O-O 10. Bd3 f5 11. O-O Ng6 12. Rb2 Nxf4 13. exf4 Qf6 14. Ne5
Nxe5 15. fxe5 Qe7 16. cxd5 exd5 17. Rfb1 Bc8 18. f4 c6 19. g3 g6 20. Qa4 b5 21.
Qb4 Qxb4 22. Rxb4 a5 23. R4b2 a4 24. a3 Be6 25. Bc2 Ra8 26. Bd1 Rfc8 27. Be2 h5
28. Kf2 Kf7 29. h3 Kg7 30. Rg1 Kh6 31. g4 h4 32. gxf5 Bxf5 33. Bg4 Rf8 34. Ke3
Rae8 35. Bxf5 Rxf5 36. Rg4 Re6 37. Rxh4+ Rh5 38. Rxh5+ Kxh5 39. Rg2 Kh4 40. Kf3
Kxh3 41. Rg5 Kh4 42. Rg1 1-0

[Event "59581 I. Budapest Open"]
[Site "Budapest, Hungary"]
[Date "2011.08.22"]
[Round "3.26"]
[White "Moharos, Viktor"]
[Black "Falucskai, Istvan Roland"]
[Result "0-1"]
[WhiteElo "1523"]
[BlackElo "1715"]
[PlyCount "56"]
[EventDate "2011.??.??"]
 
1. d4 Nf6 2. e3 g6 3. c4 Bg7 4. Nc3 O-O 5. Nf3 d5 6. Be2 Nc6 7. O-O Bf5 8. Qb3
Na5 9. Qb5 Nxc4 10. Nxd5 Nxd5 11. Bxc4 Nb6 12. Bb3 Be4 13. Ng5 Bc6 14. Qe2 e5
15. Nf3 exd4 16. exd4 Bd5 17. Bc2 Re8 18. Qd1 Qd6 19. g3 Nd7 20. Bf4 Qc6 21.
Ne1 Re7 22. f3 Rae8 23. Rc1 Qb6 24. Kg2 Re2+ 25. Kh3 Qe6+ 26. g4 h5 27. Bd3
Bxf3 28. Nxf3 Qxg4# 0-1

[Event "59581 I. Budapest Open"]
[Site "Budapest, Hungary"]
[Date "2011.08.23"]
[Round "4.1"]
[White "Rajcsanyi, Peter"]
[Black "Koczo, Kristof"]
[Result "1/2-1/2"]
[WhiteElo "1896"]
[BlackElo "2242"]
[PlyCount "116"]
[EventDate "2011.??.??"]
 
1. e4 c5 2. Nf3 d6 3. d4 cxd4 4. Nxd4 Nf6 5. Nc3 a6 6. Bg5 e6 7. Qf3 Be7 8.
O-O-O Qc7 9. Qg3 Qc5 10. Be3 Qh5 11. Be2 Qg6 12. Bf3 Nbd7 13. h4 Qxg3 14. fxg3
Ne5 15. h5 Nfg4 16. Bg1 Bg5+ 17. Kb1 Bd7 18. Bxg4 Nxg4 19. Nf3 Be7 20. Bb6 Rc8
21. Rhe1 Rc6 22. Bd4 e5 23. Bg1 Rxc3 24. bxc3 Be6 25. Nh4 Bxh4 26. gxh4 Ke7 27.
Rd3 Rc8 28. Red1 Nf6 29. Re1 Rc4 30. Kb2 Nxe4 31. Ba7 Nc5 32. Bxc5 Rxc5 33. Rg3
Kf8 34. Re4 a5 35. Rge3 f5 36. Ra4 Bd7 37. Ra3 a4 38. Kc1 Rc4 39. Rd3 Ke7 40.
Rg3 Kf6 41. Rd3 Ke6 42. Rg3 Rxh4 43. Rxg7 Rxh5 44. c4 Bc6 45. Rh3 Rxh3 46. gxh3
h5 47. Rg6+ Ke7 48. Rg5 Bf3 49. Rxf5 Be2 50. c5 a3 51. cxd6+ Kxd6 52. Kd2 Bc4
53. Rf3 Bxa2 54. Rxa3 Be6 55. Rg3 b5 56. Rg6 Kd5 57. Rg5 Bxh3 58. Rxh5 Bf1
1/2-1/2

[Event "59581 I. Budapest Open"]
[Site "Budapest, Hungary"]
[Date "2011.08.23"]
[Round "4.2"]
[White "Yip, Michael"]
[Black "Torok, Tamas Titusz"]
[Result "1/2-1/2"]
[WhiteElo "1982"]
[BlackElo "2059"]
[PlyCount "41"]
[EventDate "2011.??.??"]
 
1. Nf3 Nc6 2. d4 d5 3. e3 Bg4 4. Nbd2 e5 5. h3 Bxf3 6. Nxf3 e4 7. Nd2 Nce7 8.
c4 c6 9. cxd5 cxd5 10. Bb5+ Nc6 11. Nb3 Qb6 12. Bxc6+ Qxc6 13. Bd2 b6 14. Rc1
Qd7 15. Qc2 Bd6 16. Qc6 Qxc6 17. Rxc6 Kd7 18. Rc2 Ne7 19. Ke2 Rac8 20. Rxc8
Rxc8 21. Bc3 1/2-1/2

[Event "59581 I. Budapest Open"]
[Site "Budapest, Hungary"]
[Date "2011.08.23"]
[Round "4.3"]
[White "Farkas, Richard"]
[Black "Markos, Adam"]
[Result "1-0"]
[WhiteElo "2039"]
[BlackElo "1942"]
[PlyCount "117"]
[EventDate "2011.??.??"]
 
1. e4 e6 2. d4 d5 3. e5 c5 4. c3 Nc6 5. g3 Qb6 6. Ne2 cxd4 7. cxd4 Bb4+ 8. Nbc3
f6 9. f4 fxe5 10. fxe5 Nge7 11. Bh3 O-O 12. a3 Bxc3+ 13. bxc3 Na5 14. Bf4 Bd7
15. O-O Qa6 16. Nc1 Bb5 17. Rf3 Nf5 18. Nd3 Bxd3 19. Rxd3 Nc4 20. Ra2 Rf7 21.
Bc1 Raf8 22. Rf3 Qb6 23. Raf2 Qb1 24. Qf1 h5 25. Bxf5 Rxf5 26. Rxf5 Rxf5 27.
Rxf5 Qxf5 28. Qxf5 exf5 29. Kf2 Kf7 30. Kf3 Na5 31. Kf4 Nb3 32. Be3 g6 33. Kg5
Na1 34. e6+ Kxe6 35. Kxg6 Nc2 36. Bc1 b5 37. Kxh5 f4 38. gxf4 Kf5 39. Kh4 Ne1
40. Kg3 Nd3 41. Bd2 Nb2 42. h4 Nc4 43. Bc1 Nd6 44. h5 Nf7 45. Kf3 Nh6 46. Bd2
Nf7 47. Be1 Nd6 48. Bh4 Nc4 49. h6 Kg6 50. Bg5 Nxa3 51. f5+ Kh7 52. f6 Kg6 53.
Kf4 Nc4 54. h7 Kxh7 55. Kf5 Nd6+ 56. Ke6 Ne4 57. Bc1 Kg6 58. f7 Ng5+ 59. Bxg5
1-0

[Event "59581 I. Budapest Open"]
[Site "Budapest, Hungary"]
[Date "2011.08.23"]
[Round "4.4"]
[White "Halak, Miklos"]
[Black "Kozma, Gabor"]
[Result "0-1"]
[WhiteElo "2033"]
[BlackElo "1927"]
[PlyCount "104"]
[EventDate "2011.??.??"]
 
1. e4 c5 2. Nf3 Nc6 3. b3 d6 4. Bb5 Bd7 5. c3 Nf6 6. Qe2 e5 7. Bb2 Be7 8. d4
Qc7 9. Nbd2 O-O 10. O-O Rac8 11. Rac1 Rfe8 12. Bc4 h6 13. Rfd1 Bf8 14. Nh4 a6
15. a4 d5 16. Bd3 exd4 17. cxd4 dxe4 18. Nxe4 Nxe4 19. Bxe4 Qf4 20. f3 Qxh4 21.
dxc5 Bf5 22. g3 Qg5 23. Rd5 Nb4 24. Rxf5 Qxf5 25. Bxf5 Rxe2 26. Bxc8 Rxb2 27.
Bxb7 Nd3 28. c6 Nxc1 29. c7 Rc2 30. c8=Q Rxc8 31. Bxc8 a5 32. Ba6 Nxb3 33. Kf2
Bb4 34. Ke3 Kf8 35. Bb5 Ke7 36. g4 g5 37. Ke4 Bd6 38. h3 Nc5+ 39. Kd5 Ne6 40.
Ke4 Nf4 41. Bf1 Kf6 42. Kd4 Bc7 43. Ke4 Be5 44. Ke3 Ke7 45. Ke4 Kd6 46. Kf5 Kd5
47. Ba6 Kd4 48. Bf1 f6 49. Ba6 Ke3 50. Bb7 Nxh3 51. Kg6 Ng1 52. Kxh6 Nxf3 0-1

[Event "59581 I. Budapest Open"]
[Site "Budapest, Hungary"]
[Date "2011.08.23"]
[Round "4.5"]
[White "Ruck, Robert"]
[Black "Szalontay, Mihaly"]
[Result "0-1"]
[WhiteElo "1930"]
[BlackElo "1971"]
[PlyCount "98"]
[EventDate "2011.??.??"]
 
1. e4 d6 2. d4 Nf6 3. Nc3 g6 4. Be3 c6 5. Qd2 Nbd7 6. Bd3 Ng4 7. Bg5 h6 8. Bh4
Qb6 9. Be2 h5 10. Nf3 e5 11. h3 Bh6 12. Bg5 Bxg5 13. Nxg5 Ngf6 14. dxe5 dxe5
15. Bc4 O-O 16. O-O-O Qc7 17. g3 b5 18. Bxf7+ Rxf7 19. Nxf7 Kxf7 20. f4 b4 21.
Nb1 Nxe4 22. Qxb4 Ndf6 23. Rhf1 Bxh3 24. Rfe1 Rb8 25. Qc4+ Be6 26. Qa4 Bf5 27.
fxe5 Qxe5 28. Qxa7+ Kg8 29. Qa3 Qxg3 30. Qxg3 Nxg3 31. Rd6 Ng4 32. Rxc6 h4 33.
Rc3 Ne4 34. Rc4 h3 35. Nc3 Nxc3 36. Rxc3 h2 37. Rh3 Rb4 38. Re2 Rf4 39. Rhxh2
Nxh2 40. Rxh2 g5 41. Rg2 g4 42. Kd2 Ra4 43. a3 Kf7 44. Ke3 Kf6 45. Kf2 Kg5 46.
Kg3 Rf4 47. Rf2 Rxf2 48. Kxf2 Bxc2 49. b4 Ba4 0-1

[Event "59581 I. Budapest Open"]
[Site "Budapest, Hungary"]
[Date "2011.08.23"]
[Round "4.6"]
[White "Teglas, Balazs"]
[Black "Pammer-Zagroczky, Gabor"]
[Result "1-0"]
[WhiteElo "2207"]
[BlackElo "1937"]
[PlyCount "55"]
[EventDate "2011.??.??"]
 
1. d4 Nf6 2. Bf4 g6 3. e3 Bg7 4. Nf3 d6 5. h3 b6 6. c3 Bb7 7. Be2 Nbd7 8. a4
O-O 9. a5 c5 10. O-O Nd5 11. Bg3 e5 12. Nbd2 Qe7 13. Nc4 b5 14. a6 Bxa6 15.
Rxa6 Nc7 16. Rc6 bxc4 17. Rxc7 Qd8 18. Rb7 Nb6 19. Qa1 Qe8 20. dxe5 dxe5 21.
Rxa7 Rd8 22. e4 Qc6 23. Re1 f5 24. Nxe5 Qe6 25. exf5 Qxf5 26. Rxg7+ Kxg7 27.
Qa7+ Nd7 28. Bg4 1-0

[Event "59581 I. Budapest Open"]
[Site "Budapest, Hungary"]
[Date "2011.08.23"]
[Round "4.7"]
[White "Schubert, Gyula"]
[Black "Lakat, Gyula"]
[Result "1-0"]
[WhiteElo "2105"]
[BlackElo "1859"]
[PlyCount "75"]
[EventDate "2011.??.??"]
 
1. d4 Nf6 2. Nf3 e6 3. e3 b6 4. Bd3 Bb7 5. Nbd2 d5 6. Ne5 Nfd7 7. f4 Qh4+ 8. g3
Qh3 9. Qf3 f6 10. Ng4 Qh5 11. f5 Qf7 12. fxe6 Qxe6 13. O-O h5 14. Bg6+ Kd8 15.
Nf2 h4 16. g4 Nc6 17. c3 Ne7 18. Bd3 c6 19. e4 Kc7 20. exd5 cxd5 21. Nb3 g5 22.
Bd2 Bh6 23. Rae1 Qf7 24. Nd1 Rhf8 25. Ne3 Rae8 26. Na1 Kb8 27. Nac2 f5 28. Nxf5
Nxf5 29. Qxf5 Qxf5 30. Rxe8+ Rxe8 31. Rxf5 Rf8 32. Ne3 Nf6 33. h3 Kc7 34. Re5
Ne4 35. Bxe4 dxe4 36. Nf5 Rf6 37. Re7+ Kb8 38. Rh7 1-0